000 00697nam a2200217Ii 4500
003 JO-AjNU
008 230605s9999||||xx |||||||||||||| ||und||
017 _a2007/51293
040 _aJO-AjNU
_bara
_erda
_cJO-AjNU
041 _aara
050 1 4 _aTS155.L2536 2008
100 3 _aاللامي، غسان قاسم ,
_eauthor
_929624
245 0 0 _aتقنيات ونظم ادارة العمليات
250 _aط1
264 3 1 _aعمان:دار اثراء للنشر والتوزيع،2008
300 _a314ص
336 _atext
_btxt
_2rdacontent
337 _aunmediated
_bn
_2rdamedia
338 _avolume
_bnc
_2rdacarrier
650 4 _aادارة العمليات والانتاج
_929625
999 _aA11644
_c15212
_d15212